Welcome to the Holygrace Academy Library

Please use search bar below to get started

THE BREADWINNER (Record no. 3185)

MARC details
000 -LEADER
fixed length control field 00615nam a22001457a 4500
020 ## - INTERNATIONAL STANDARD BOOK NUMBER
ISBN 0-88899-416-8
082 ## - DEWEY DECIMAL CLASSIFICATION NUMBER
Classification number 823
Item number ELL/B
100 ## - MAIN ENTRY--AUTHOR NAME
Personal name ELLIS, DEBORAH
245 ## - TITLE STATEMENT
Title THE BREADWINNER
260 ## - PUBLICATION, DISTRIBUTION, ETC. (IMPRINT)
Place of publication TORONTO
Name of publisher GROUNDWOOD BOOKS
Year of publication 2005
300 ## - PHYSICAL DESCRIPTION
Number of Pages 170
520 ## - SUMMARY, ETC.
Summary, etc "The Breadwinner" is about 11-year-old Parvana and the risks she takes to help provide for her family after the Taliban takes control of Afghanistan. Because she is the only family member able to pass as male, she cuts her hair short and dresses as a boy so she can work and make money for the family.
650 ## - SUBJECT ADDED ENTRY--TOPICAL TERM
Topical Term NOVEL
Geographic subdivision UNITED STATES
942 ## - ADDED ENTRY ELEMENTS (KOHA)
Koha item type Books
Holdings
Withdrawn status Lost status Collection code Home library Current library Shelving location Date acquired Source of acquisition Full call number Accession Number Koha item type
    Fiction Main Library Main Library SHELF-14E- ALPHABETICAL -E,F,G --ENGLISH NOVELS & FICTIONS 17/10/2011 purchase 823 ELL/B 05647 Books